000 00801nam a2200253Ia 4500
003 PE SENCICO BE
005 20260220211458.0
008 200515s9999 xx 000 0 und d
040 _aPE SENCICO BE
_cPE SENCICO BE
041 _aspa
082 _a692.1
_bS14
100 1 _aSaenz Coral, Juan
_9196
_eautor
245 1 0 _aMonografía del trabajo de certificación :
_bdibujo en construcción civil /
_cJuan Saenz Coral
260 _aLima :
_c[1995]
300 _a[30] hojas :
_bplanos ;
_c30 cm.
500 _aCurso modular
650 1 0 _aDibujo arquitectónico
_9387
650 2 0 _aDiseño de estructuras
_9344
650 2 0 _aInstalaciones eléctricas
_9349
650 2 0 _aConstrucción
_9339
650 2 0 _aInstalaciones sanitarias
_9332
650 2 0 _aDibujo técnico
_9388
942 _cLIB
_2ddc
999 _c3597
_d3597